Nuevas historias de franz en la escuela / (Registro nro. 3769)
[ vista simple ]
| 000 -LEADER | |
|---|---|
| fixed length control field | 01634nam a2200325Ia 4500 |
| 003 - CONTROL NUMBER IDENTIFIER | |
| control field | OSt |
| 005 - DATE AND TIME OF LATEST TRANSACTION | |
| control field | 20250710144824.0 |
| 008 - FIXED-LENGTH DATA ELEMENTS--GENERAL INFORMATION | |
| fixed length control field | 191128t1990 ck a br 000 j spa d |
| 020 ## - INTERNATIONAL STANDARD BOOK NUMBER | |
| International Standard Book Number | 9580410135 |
| 040 ## - CATALOGING SOURCE | |
| Original cataloging agency | CO-JMCR |
| Transcribing agency | CO-JMCR |
| 041 1# - LANGUAGE CODE | |
| Language code of text/sound track or separate title | spa |
| Language code of original | Yo |
| 082 04 - DEWEY DECIMAL CLASSIFICATION NUMBER | |
| Classification number | N |
| Item number | NOSn |
| 100 1# - MAIN ENTRY--PERSONAL NAME | |
| Personal name | Nöstlinger, Christine, |
| Relator term | autora |
| 9 (RLIN) | 1421 |
| 245 10 - TITLE STATEMENT | |
| Title | Nuevas historias de franz en la escuela / |
| Statement of responsibility, etc. | Christine Nöstlinger ; traducción de Federico Schopf ; ilustraciones de Erhard Dietl |
| 260 ## - PUBLICATION, DISTRIBUTION, ETC. | |
| Place of publication, distribution, etc. | Barcelona ; Bogotá : |
| Name of publisher, distributor, etc. | Norma, |
| Date of publication, distribution, etc. | 1990 |
| 300 ## - PHYSICAL DESCRIPTION | |
| Extent | 60 páginas : |
| Other physical details | ilustraciones a blanco y negro ; |
| Dimensions | 19 cm |
| 490 0# - SERIES STATEMENT | |
| Series statement | Torre de papel. Torre Roja |
| 500 ## - GENERAL NOTE | |
| General note | Incluye datos del autor en contraportada |
| 500 ## - GENERAL NOTE | |
| General note | Título original. Neue schulgeschichten vom Franz |
| 505 0# - FORMATTED CONTENTS NOTE | |
| Formatted contents note | Los problemas de Franz -- De cómo Franz se deshizo de su voz de pito -- La rodilla herida de Franz |
| 520 ## - SUMMARY, ETC. | |
| Summary, etc. | Franz tiene siete años y seis meses. Como todas las personas, tiene algunos problemas: es el niño más pequeño de la escuela, cuando está nervioso la voz se le pone muy aguda, y a veces lo confunden con una niña, ¡a causa de sus rizos dorados! Pero Franz consigue solucionar casi todos sus problemas... ¡de una manera bastante simpática y original! |
| 521 ## - TARGET AUDIENCE NOTE | |
| Target audience note | A partir de 7 años |
| Source | Tapa posterior |
| 546 ## - LANGUAGE NOTE | |
| Language note | Traducido del alemán |
| 650 14 - SUBJECT ADDED ENTRY--TOPICAL TERM | |
| Topical term or geographic name entry element | Cuentos infantiles Austriacos |
| Chronological subdivision | Siglo XX |
| 9 (RLIN) | 1422 |
| 650 14 - SUBJECT ADDED ENTRY--TOPICAL TERM | |
| Topical term or geographic name entry element | Literatura infantil austriaca |
| Chronological subdivision | Siglo XX |
| 9 (RLIN) | 1423 |
| 650 14 - SUBJECT ADDED ENTRY--TOPICAL TERM | |
| Topical term or geographic name entry element | Estudiantes en la literatura |
| 9 (RLIN) | 1424 |
| 700 1# - ADDED ENTRY--PERSONAL NAME | |
| Personal name | Schopf, Federico, |
| Relator term | traductor |
| 9 (RLIN) | 81 |
| 700 1# - ADDED ENTRY--PERSONAL NAME | |
| Personal name | Dietl, Erhard, |
| Relator term | ilustrador |
| 9 (RLIN) | 1425 |
| 942 ## - ADDED ENTRY ELEMENTS (KOHA) | |
| Source of classification or shelving scheme | Dewey Decimal Classification |
| Koha item type | Books |
| Withdrawn status | Lost status | Source of classification or shelving scheme | Damaged status | Not for loan | Collection code | Home library | Current library | Date acquired | Source of acquisition | Cost, normal purchase price | Total Checkouts | Total Renewals | Full call number | Barcode | Date last seen | Date last checked out | Copy number | Price effective from | Koha item type | Public note |
|---|---|---|---|---|---|---|---|---|---|---|---|---|---|---|---|---|---|---|---|---|
| Dewey Decimal Classification | Fiction | Biblioteca Pública José María del Castillo y Rada | Biblioteca Pública José María del Castillo y Rada | 01/22/2018 | Donación | 0.00 | 12 | 3 | N NOSn | 201808076 | 10/06/2025 | 10/06/2025 | Ej.1 | 11/28/2019 | Books | Exlibris libro marcado con esfero "Lina María Corredor González 1°B 2000-2001" |